000 01058nam a22002537a 4500
005 20090924120418.0
008 090519t xxu||||| |||| 00| 0 eng d
010 _aB-358734
020 _a9788175156043
_c400.00
035 _aB-358734
037 _bGalgotia Publications
040 _adpl
_bEnglish
082 _a000
100 _aGreen, Sharon Weiner
245 _aBarron's SAT/
_cby Sharon Weiner Green [and] Ira K. Wolf
250 _a24th ed.
260 _aNew Delhi
_bGalgotia Publications
_c2010 (repr.)
270 _a5, Ansari Road, Darya Ganj
_bNew Delhi
_cDelhi
_e110002
300 _axiv, 920,48p.
_c27cm. (pbk)
_eCD-ROM
700 _aWolf, Ira K.
942 _adpl
_cEN
_2ddc
_h000
_mGRE
999 _c30656
_d30656